000 00432nam a2200181Ia 4500
001 8327
005 20260306160601.0
008 260306t2014||||xx |||||||||||||| ||spa||
041 _aESP
082 _a370.155
_bM88
100 _aMotos Teruel, Tomás
_eAUT
245 0 _aPráctica de la expresión corporal
260 _c2014
300 _a236 páginas :
_c21 cm.
650 _aGEN
654 _aCED
942 _cLIB
_dJUS
_fJUS
_2ddc
_n
999 _c8327
_d8327